📖 150 premiers mots "Le Pèlerin de Compostelle" Paulo Coelho - Statistiques

Statistiques générales
  • Ce quiz a Ă©tĂ© pris 8 fois
  • Le rĂ©sultat moyen est 86 sur 150
Statistiques - réponses
Mots % Correct
a
100%
Ă 
100%
ai
100%
avais
100%
d'
100%
de
100%
de ...
100%
en
100%
et
100%
J'
100%
l'
100%
la
100%
Le
100%
le
100%
les
100%
ma
100%
qu'
100%
si
100%
au
83%
avec
83%
Bajadas,
83%
des
83%
du
83%
il
83%
par
83%
que
83%
que,
83%
se
83%
un
83%
une
83%
aux
67%
ce
67%
dans
67%
étions
67%
nous
67%
Nous
67%
nuit
67%
pour
67%
amis
50%
avant
50%
avons
50%
femme
50%
passé
50%
sommes
50%
avion -
33%
avion
33%
avions
33%
faire.
33%
faire
33%
fois
33%
nos
33%
pays,
33%
peur
33%
pris
33%
regardé
33%
aéroport
17%
aéroport,
17%
allait
17%
billets
17%
crainte
17%
demandé
17%
douanier
17%
intention
17%
montrer
17%
répondu
17%
séparer.
17%
sortir
17%
allés
0%
attestation
0%
comptoir
0%
confirmer
0%
délivré
0%
deux
0%
document
0%
douane.
0%
emportait
0%
enchères.
0%
ensemble
0%
entrés
0%
épée
0%
expertiser
0%
insomnie
0%
location
0%
longuement
0%
manger
0%
mensonge
0%
mettions
0%
morceau
0%
présentaient
0%
problèmes
0%
rendus
0%
réservation
0%
restaurant
0%
réussi ;
0%
signalé
0%
stipulant
0%
suffirait
0%
voitures.
0%
Aucun quiz correspondant
Distribution des résultats
% des personnes avec chaque résultat
Percentile par nombre de réponses
Votre historique - résultats
Vous n’avez pas pris ce quiz